000 00263nam a2200097Ia 4500
008 220204s9999 xx 000 0 und d
082 _a549
_bIND
245 0 _aIndian minerals: Export information
260 _aNew Delhi
_bMinistry of foreign trade
_c1973
942 _cBK
999 _c23553
_d23553